00500nam a2200217Ia 4500008004000000020001800040041000800058082001300066100002400079245004400103260004800147300001300195440000600208650000800214650000900222650000700231650001200238650000600250650001600256650001000272210210b2006 xxu||||| |||| 00| 0 eng d a9788130912585 aeng a621 DINV aDINESH (Sivalingam) aViva catch up engineering physics Vol I aNew DelhibViva Books Private Limitedc2006 aviii,170 a1 aVol aViva aup aphysics aI aengineering acatch